[Event "CRO-ch U15"]
[White "Uzelac, Dunja"]
[Black "Crvelin, Iva"]
[Site "Trogir"]
[Round "9"]
[Result "1/2-1/2"]
[Date "2024.06.28"]
[WhiteElo "1636"]
[BlackElo "1618"]
[PlyCount "64"]
[EventDate "2024.06.23"]
[EventType "swiss"]
[EventRounds "9"]
[EventCountry "CRO"]
[SourceTitle "EXT 2025"]
[Source "ChessBase"]
[SourceDate "2024.10.14"]
[SourceVersion "1"]
[SourceVersionDate "2024.10.14"]
[SourceQuality "1"]

1. e4 c5 2. Nc3 Nc6 3. g3 d6 4. Bg2 Nf6 5. d3 g6 6. Nge2 Bg7 7. Be3 0-0 8. 0-0 Bd7 9. Qc1 Rb8 10. Bh6 Nh5 11. Bf3 Nf6 12. Bxg7 Kxg7 13. Nf4 Nd4 14. Bg2 Bg4 15. f3 Bd7 16. Nfe2 Nxe2+ 17. Nxe2 b5 18. b3 a5 19. c4 b4 20. Qd2 a4 21. d4 Qc7 22. g4 e5 23. d5 axb3 24. axb3 Ra8 25. Ng3 Ra7 26. Nh5+ Nxh5 27. gxh5 f6 28. hxg6 hxg6 29. f4 exf4 30. Rxa7 Qxa7 31. Qxf4 Qc7 32. Ra1 Bc8 1/2-1/2

[Event "CRO-ch U15"]
[White "Zagorac, Lara"]
[Black "Uzelac, Dunja"]
[Site "Trogir"]
[Round "3"]
[Result "1-0"]
[Date "2024.06.24"]
[WhiteElo "1988"]
[BlackElo "1636"]
[PlyCount "119"]
[EventDate "2024.06.23"]
[EventType "swiss"]
[EventRounds "9"]
[EventCountry "CRO"]
[SourceTitle "EXT 2025"]
[Source "ChessBase"]
[SourceDate "2024.10.14"]
[SourceVersion "1"]
[SourceVersionDate "2024.10.14"]
[SourceQuality "1"]

1. d4 d5 2. c4 e6 3. Nf3 Nf6 4. g3 c6 5. Bg2 Nbd7 6. Qc2 Be7 7. 0-0 0-0 8. b3 h6 9. Rd1 Re8 10. Nc3 Nf8 11. e4 Bb4 12. e5 Bxc3 13. Qxc3 Ne4 14. Qc2 f6 15. Ba3 Nd7 16. Rac1 fxe5 17. Nxe5 Nef6 18. f4 Qa5 19. Bb2 Nb6 20. Bc3 Qa3 21. c5 Nbd7 22. Bb2 Qa5 23. a3 Qc7 24. b4 a5 25. Qb3 axb4 26. axb4 Ra6 27. Bf1 b5 28. cxb6 Rxb6 29. Qc2 Nxe5 30. fxe5 Nd7 31. b5 Bb7 32. Ba3 Ba8 33. Bb4 Rb7 34. Bd6 Qb6 35. bxc6 Ra7 36. cxd7 Rxd7 37. Qc5 Qb3 38. Qc3 Qb7 39. Rb1 Qc6 40. Qxc6 Bxc6 41. Bb5 Bxb5 42. Rxb5 Kh7 43. Rdb1 Rc8 44. Rb7 Rc1+ 45. Rxc1 Rxb7 46. Rc7 Rxc7 47. Bxc7 Kg6 48. Kf2 Kf5 49. Kf3 h5 50. h3 g6 51. Bd8 g5 52. g4+ hxg4+ 53. hxg4+ Kg6 54. Ke3 Kf7 55. Bxg5 Kg6 56. Kf4 Kf7 57. Bf6 Kg6 58. Bd8 Kf7 59. Kg5 Kg7 60. Ba5 1-0